000 01953nam0a2200373 i 4500
001 RU\NLR\BIBL_A\011465007
005 20241115075736.0
010 _a9785950054204
_9300
021 _aRU
_b2017-56952
_94050
035 _a(RuMoRGB)008951344
035 _a(NLR Aleph) 011465007
090 _a11823372
_c11823372
100 _a20170904d2017 um y0rusy50 ca
101 0 _arus
102 _aRU
105 _aa|||z|||000zy
200 1 _aМониторинг образовательной робототехники и IT-образования города Москвы
_eописательная карта и практические рекомендации
_f[Кальченко Е. А. и др.
_gпод общей редакцией Романа Сергеевича Ступина]
210 _aМосква
_cИздательский центр АНО "АИР"
_cРоссийский союз ректоров
_d2017
215 _a330 с.
_cил., табл.
_d21
320 _aБиблиогр.: с. 186-187 (22 назв.) и в тексте
606 _aLego-конструирование
_92620681
_3RU\NLR\AUTH\661557241
606 1 _aРоботы
_xИзучение в учреждениях дополнительного образования детей
_92290449
_3RU\NLR\AUTH\6601599278
606 1 _aДополнительное образование детей
_xМониторинг
_yМосква, город
_92337990
_3RU\NLR\AUTH\6601621389
607 _aМосква, город федерального значения (Российская Федерация)
_2rubbk
686 _aЧ421,6(2)385.1-74:З816.2,0
_2rubbk
686 1 _aЧ421.385.1
686 1 _aЧ411.375.5
686 1 _aЧ421.387к
702 1 _aКальченко
_bЕ. А
_4220
702 1 _aСтупин
_bР. С.
_gРоман Сергеевич
_4340
942 _cBOOK
980 _aNBR